Softvérová podpora pri modelovaní rozdelenia celkovej škody v havarijnom poistení

Prezentácia metódy na určenie rozdelenia celkovej škody pomocou Panjerových rekurentných vzťahov s využitím softvéru na analýzu rizík.

Na minha lista:
Detalhes bibliográficos
Autor principal: Páleš, Michal, 1984-
Outros Autores: Poláček, Štefan, 1984-
Formato: Capítulo de Livro
Idioma:eslovaco
Assuntos:
Tags: Adicionar Tag
Sem tags, seja o primeiro a adicionar uma tag!

MARC

LEADER 00000naa a2200000 4500
001 0164544
005 20240502072855.1
041 0 |a slo 
044 |a SK 
245 1 0 |a Softvérová podpora pri modelovaní rozdelenia celkovej škody v havarijnom poistení  |c Michal Páleš, Štefan Poláček 
520 |a Prezentácia metódy na určenie rozdelenia celkovej škody pomocou Panjerových rekurentných vzťahov s využitím softvéru na analýzu rizík. 
610 2 0 |a systémy informačné 
610 2 0 |a rozdelenie početnosti 
610 2 0 |a matematika poistná 
610 2 0 |a riziko poistné 
610 2 0 |a poistenie havarijné 
100 1 |a Páleš, Michal, 1984- 
700 1 |a Poláček, Štefan, 1984-